Jazerný básnik

Bibliographic Details
Main Author: Čirčová, Ivana (Author)
Format: Article
Language:Slovak

MARC

LEADER 00000nab a2200000uu 4500
001 vtls011446324
003 SK-MaSNL
005 20260303164726.0
008 230313|2012 xo |||||||||||||||||slo|
015 |a SNBRB 
035 |a (urnnbn)urn:nbn:sk:snk:ar-00422d 
035 |a (uuid)32f99765-83f4-4617-acca-319c3915047f 
035 |a urn:nbn:sk:snk-abcjgb 
040 |a SNKBUCL  |b slo  |c SNKBUCL  |e AACR2 
041 0 |a slo 
044 |a xo  |c SK 
100 1 |a Čirčová, Ivana  |4 aut  |9 1190454 
245 1 0 |a Jazerný básnik  |c Ivana Čirčová 
773 0 |t Dotyky : časopis pre mladú literatúru a umenie  |g Roč. 24, č. 3 (2012), s. 75 
958 |a OND 
958 |a EUIPO 
958 |a article16 
999 |c 2067331  |d 2069261